Geography General Knowledge - C - Statistics

General Stats
  • This quiz has been taken 25 times
  • The average score is 9 of 15
Answer Stats
Hint Answer % Correct
Which South American country's capital is Bogotá? Colombia
100%
What is the capital city of Denmark? Copenhagen
100%
Name the state in which Sacramento lies in. California
96%
What Asian country's flag contains the Ankgor Wat Temple? Cambodia
92%
What river is the Hoover Dam located on? Colorado River
84%
What is the name of the region that Barcelona is located in? Catalonia
80%
Which large French island is located in the Mediterranean? Corsica
80%
What is the capital city of Guinea? Conakry
60%
What is the term for the point where two rivers meet? Confluence
52%
Referenced as Red ..... in the hit song 'We didn't start the fire' China
48%
What sea, lying between the Yucatán Peninsula and the Greater Antilles, is named after an indigenous group? Caribbean
40%
Which body of water separates the North and South Islands of New Zealand? Cook Strait
32%
What is the name of the small, landlocked exclave of Spain that is completely surrounded by France, and was briefly an independent republic under the Pyrenees before being returned to Spanish control? Cerdanya
4%
What is the name of the central region of Rome, the site of the ancient Roman Forum and the Colosseum, whose modern rione is known as the historic heart of the city? Campitelli
0%
What is the name of the ancient region in Central Asia that corresponds to parts of modern-day Uzbekistan, Turkmenistan, and Kazakhstan, and was the likely site of the founding of the Khwarezmian Empire Chorasmia
0%
No matching quizzes found
Score Distribution
Percent of People with Each Score
Percentile by Number Answered
Your Score History
You have not taken this quiz